Мъже без вратовръзки (Запис номер 188700)
[ съкратено ]
| 000 -Лидер | |
|---|---|
| Контролно поле с фиксирана дължина | 00967nam a2200289 c 4500 |
| 003 - Код на организацията, давaща контролен номер | |
| Контролно поле | BLK |
| 005 - Дата и час на последна редакция | |
| Контролно поле | 20180422115616.0 |
| 008 - Елементи от данни с фиксирана дължина | |
| fixed length control field | 180411b bul|||||r ||||||| ||bul|| |
| 010 ## - Наследен системен номер | |
| LC control number | KNG00197719000 |
| 040 ## - Източник на каталожния запис | |
| Идентификатор на билиотеката - собственик на записа | BLK |
| 041 ## - Код за език | |
| Код за езика на текст/звукозапис или на отделно заглавие | Български |
| Код за езика КДБФ | Български |
| 080 ## - УДК | |
| Текстов определител УДК | Българска литература |
| УДК код - определител по УДК | 821.163.2 |
| УДК определител | -32 |
| УДК - код + определител | 821.163.2-32 |
| 100 1# - Редна дума - Автор | |
| Автор | Цончев, Дончо Стефанов |
| Авторска отговорност | първи автор |
| R(LIN) | 367144 |
| 139 ## - Редно поле | |
| Редна дума | Цончев, Дончо Стефанов |
| Авторски знак | Цонч - Ц 85 |
| 245 10 - Сведения за заглавието | |
| Заглавие | Мъже без вратовръзки |
| Подзаглавни данни | Повест |
| Редно поле (дума) | Дончо Стефанов Цончев. |
| 257 ## - Страна на издаване | |
| Страна на създаване/издаване | България |
| 260 ## - Област на издателските данни | |
| -- | София |
| Име на издателя, разпространителя и проч. | Нар. младеж |
| Година на издаване | 1966 |
| 300 ## - Физическа характеристика | |
| Страници | 135 с. |
| Размери/Мащаб | 17 см |
| 380 ## - Жанр | |
| Жанр | Худож. лит. |
| 490 1# - СЕРИИ (Колекции) | |
| Име на серия | Библиотека Смяна |
| №: серия | № 47 |
| 500 ## - Общи забележки | |
| Забележка | 5 600 тир. |
| 852 ## - Местоположение | |
| Форматна сигнатура | Цб І 8770 |
| 856 4# - Електронен адрес и достъп | |
| Електронен формат | pdf - файл |
| Път до файла /url/ | |
| 856 4# - Електронен адрес и достъп | |
| Електронен формат | pdf - файл |
| Път до файла /url/ | |
| 942 ## - АРТИКУЛИ | |
| Вид на библиотечния материал | Книги |
| Скрит в OPAC | Не |
| 944 ## - СЪЗДАВАНЕ И РЕДАКЦИЯ на ЗАПИСА | |
| Създаване/Редакция | Създаване |
| Дата на регистрацията/редакция | 09.12.2016 |
| Служител, извършил регистрацията/редакцията | Кети_Илиева |
| 944 ## - СЪЗДАВАНЕ И РЕДАКЦИЯ на ЗАПИСА | |
| Създаване/Редакция | Редакция |
| Дата на регистрацията/редакция | 09.12.2016 |
| Служител, извършил регистрацията/редакцията | Кети_Илиева |
| 999 ## - СИСТЕМНИ КОНТРОЛНИ НОМЕРА | |
| Koha biblionumber | 188700 |
| Koha biblioitemnumber | 188700 |
| Код за отписване | Код за изгубен артикул | Източник на класификационната схема | Код за повреда | Коз за рестрикции | Код за отдаване | Артикулен № | Име на библиотеката - собственик | Име на библиотеката, в която се намира в момента | Статус (Текущо местоположение) | Дата на вписване в системата | Местоположение - отдел | Цена в лева | Инвентарен номер | Систематично азбучна сигнатура | Баркод | Номер на екземпляра | Цена в евро | Служебна бележка | Служебен тип на артикула |
|---|---|---|---|---|---|---|---|---|---|---|---|---|---|---|---|---|---|---|---|
| Не е изгубен | Universal Decimal Classification | Не е повреден | само за читалня | ползва се в читалня | 331516 | Регионална библиотека "Любен Каравелов" Русе | Регионална библиотека "Любен Каравелов" Русе | Хранилище | 1966-01-01 | Хранилище | 0.33 | 16165/66 | Цб І 8770 | 900000029421 | 1 | 0.17 | Вид: Сф Дата: 01.01.1966 | Книги | |
| Изтеглен | Не е изгубен | Universal Decimal Classification | Не е повреден | без рестрикции | заемане за дома | 331517 | Регионална библиотека "Любен Каравелов" Русе | Регионална библиотека "Любен Каравелов" Русе | Заемна - подръчен фонд | 1966-01-01 | Заемна - подръчен фонд | 0.00 | 16325/66 | П 886.7-32/Ц 85 | 16325/66 | 2 | 0.00 | Вид: Сф Дата: 01.01.1966 | Книги |
| Изтеглен | Не е изгубен | Universal Decimal Classification | Не е повреден | без рестрикции | заемане за дома | 331518 | Регионална библиотека "Любен Каравелов" Русе | Регионална библиотека "Любен Каравелов" Русе | Заемна - подръчен фонд | 1966-01-01 | Заемна - подръчен фонд | 0.00 | 16326/66 | П 886.7-32/Ц 85 | 16326/66 | 3 | 0.00 | Вид: Сф Дата: 01.01.1966 | Книги |
| Изтеглен | Не е изгубен | Universal Decimal Classification | Не е повреден | без рестрикции | заемане за дома | 331519 | Регионална библиотека "Любен Каравелов" Русе | Регионална библиотека "Любен Каравелов" Русе | Заемна - подръчен фонд | 1966-01-01 | Заемна - подръчен фонд | 0.00 | 16328/66 | П 886.7-32/Ц 85 | 16328/66 | 4 | 0.00 | Вид: Сф Дата: 01.01.1966 | Книги |